000 02186cam a22005174i 4500
003 PE-LiUPU
005 20250731173537.0
008 150616s1981 na r 000 0 eng d
035 _a(Sirsi) a8916
040 _aPE-LiUPU
_bspa
_cPE-LiUPU
_erda
049 _aPRUA
082 0 4 _a253
_bS31A
_221
100 1 _aSchaller, Lyle E.,
_eautor.
245 1 0 _aActivating the passive church :
_bdiagnosis & treatment /
_cLyle Schaller.
264 1 _aNashville, Tennessee :
_bAbingdon Press,
_c1981.
300 _a159 páginas ;
_c21 centímetros
336 _atext
_2rdacontent
337 _aunmediated
_2rdamedia
338 _avolume
_2rdacarrier
505 0 _aWhat is a passive church? -- How do we redefine role? -- What are the alternatives?.
526 _aSEG42
526 _aSEG41
526 _aSEG40
526 _aSEG39
526 _aP94
526 _aP87
526 _aP86
526 _aP85
526 _aP77
526 _aP76
526 _aP35
650 1 4 _aRenovación de la iglesia.
_2embne
910 _ajck
_bjvq
_cjck
942 _2ddc
_cBOOK
949 _a253 S31A
_wDEWEY
_c1
_i42480
_lCCODEBUL1
_mBUL
_p30.00
_r0
_sY
_tBOOK
_u19970204
_xTEOLOGIA
_zUNKNOWN
_0COMPRA
_o.STAFF. Colección Teología
949 _a253 S31A
_wDEWEY
_c2
_i36348
_lCCODEBUL1
_mBUL
_p30.00
_r0
_sY
_tBOOK
_u2015-04-23
_xBIBLIOTECA
_zUNKNOWN
_0COMPRA
_o.STAFF. Colección Teología
949 _a253 S31A
_wDEWEY
_c3
_i21344
_lCCODEBUL1
_mBUL
_p30.00
_r0
_sY
_tBOOK
_u2015-04-23
_xBIBLIOTECA
_zUNKNOWN
_0COMPRA
_o.STAFF. Colección Teología
994 _aC0
_bPEPRU
596 _a1
999 _a253 S31A
_wDEWEY
_c60313
_i42480
_f2021-11-10
_g5
_lCCODEBUL1
_mBUL
_p30.00
_r0
_sY
_tBOOK
_u2015-6-16
_xTEOLOGIA
_PP35
_0COMPRA
_o.STAFF. Colección Teología
_d60313
999 _a253 S31A
_wDEWEY
_c2
_i36348
_f2021-11-10
_g5
_lCCODEBUL1
_mBUL
_p30.00
_r0
_sY
_tBOOK
_u2015-4-23
_xTEOLOGIA
_PP35
_0COMPRA
_o.STAFF. Colección Teología
999 _a253 S31A
_wDEWEY
_c3
_i21344
_f2021-11-12
_g5
_lCCODEBUL1
_mBUL
_p30.00
_r0
_sY
_tBOOK
_u2015-4-23
_xTEOLOGIA
_PP35
_0COMPRA
_o.STAFF. Colección Teología
980 _81
_gALBERTO SANCHEZ Responsable de Automatización